000 00271nam a22001217a 4500
008 181107b xxu||||| |||| 00| 0 eng d
041 _aeng
080 _a101
100 _a24
101 _aFIL
245 _aIntroduction to Moral Reasoning
_cClark,R.W
942 _2udc
_cBK
999 _c52094
_d52094